000 00622nam a22001817a 4500
999 _c61949
_d61949
003 Ge_BSU
005 20240614101625.0
008 240614s1983 ge ||||| |||| 00| 0 geo d
041 _ageo
080 _a 613(075.8) კ-36
100 _aკაციტაძე, ვასილ
_922419
245 _aჰიგიენა :
_bნაწ. 1 /
_cვასილ კაციტაძე.
264 _aთბილისი :
_bგანათლება,
_c1983.
300 _a466 გვ. :
_bილ.;
_c 22 სმ.
653 _aჰიგიენა
653 _aმედიცინა
942 _2udc
_cᲬᲘᲒᲜᲘ